000 01083aam a2200373 4500
005 20250812175500.0
008 150721b2005 xxu||||| |||| 00| 0 spa d
020 _a9788436818468
041 _aESP
082 _a362.829.2 L126m
100 _aJavier Labrador, Francisco
_915757
100 _aPaz Rincon, Paulina
_915758
100 _aLuis, Pilar de
_915759
100 _aFernandez Velasco, Rocio
_915760
245 _aMujeres victimas de la violencia doméstica: programa de actuación
260 _aEspaña
260 _bPiramide
260 _c2005
300 _a237 páginas
490 _aInvestigación Criminal
650 _aVIOLENCIA DOMESTICA
650 _aABUSO DE LAS MUJERES
650 _aMUJERES VICTIMAS
650 _aCONSECUENCIAS PSICOLÓGICAS
650 _aPROGRAMA DE INTERVENCIÓN
650 _aPROGRAMA DE TRATAMIENTO
650 _aPLAN DE SEGURIDAD
650 _aSINDROME DE LA MUJER MALTRATADA
650 _aDEPRESIÓN
650 _aAUTOESTIMA
650 _aANSIEDAD
650 _aINSTRUMENTOS DE EVALUACIÓN
942 _cBK
_2ddc
999 _c1973
_d1973